000 00785nam a22002177a 4500
008 240702b mp ||||| |||| 00| 0 mon d
035 _a12999
040 _aSU1322070
_bmon
_cMN-UlNLM
_dMN-UlNLM
_erda
041 _amon
042 _a33808
084 _2NNA
_a84
_bД-401
100 _aДефо Д.
245 0 _aРобинзон Крузо
264 _aУБ
_bУХГ
_c1955
300 _a218х.
336 _2rdacontent
_atext
_btxt
337 _2rdamedia
_aunmediated
_bn
338 _2rdacarrier
_avolume
_bnc
650 _aРобинзон Крузогийн гэр бүл Робинзон төрсөн гэрээсээ оргосон нь Тэнгис дээрх анхны тохиолдол Робинзон олзлогдов Оргосон нь З...
942 _2NNA
_cBK
999 _c1070612
_d1070669